000 00370nam a22001337a 4500
082 _a413.1
_bPOO
_cL-01, P-47
100 _aPoojari, Mahesh
_946867
245 _a1001 words: illustrated nouns
_cPoojari, Mahesh
260 _aIndia
_bKeep Busy
_c1996
300 _a64 p.
_bill.
_c26 cm
526 _a0
_b0
_c0
_d413_100000000000000_POO
650 _aMCE
_9379
942 _2ddc
_cBK
999 _c550114
_d550114